|
|
|
|
| LEADER |
00000nam a2200000 i 4500 |
| 001 |
1/78039 |
| 008 |
980203s1996 eng d |
| 020 |
|
|
|a 1-85742-319-4
|
| 035 |
|
|
|a 1997
|b 3
|c Αγορά/Καϊλα
|l 10032821
|
| 040 |
|
|
|a GR-MY-UA
|b gre
|e aacr
|
| 041 |
0 |
|
|a eng
|
| 082 |
0 |
|
|a 153.4
|
| 100 |
1 |
|
|a Schon, Donald A.
|
| 245 |
1 |
4 |
|a The reflective practitioner :
|b how professionals think in action /
|c Donald A. Schoen
|
| 250 |
|
|
|a repr. ed.
|
| 260 |
|
|
|a Aldershot :
|b Arena,
|c 1996
|
| 300 |
|
|
|a 374 p.
|
| 650 |
0 |
0 |
|a Professions.
|
| 650 |
0 |
0 |
|a Thought and thinking.
|
| 650 |
0 |
0 |
|a Self-knowledge, Theory of.
|
| 852 |
|
|
|a INST
|b RHODES
|e 19980203
|h 153.4 SCH
|p 005400011274
|q 005400011274
|t BK
|y 0
|
| 901 |
|
|
|a BIBL-1998-1
|
| 909 |
|
|
|a Ρ
|b 052673
|c 1997
|